Οι προφητικές εικόνες και άλλα διηγήματα

Αποθηκεύτηκε σε:
Λεπτομέρειες βιβλιογραφικής εγγραφής
Κύριος συγγραφέας: Hawthorne, Nathaniel 1804-1864
Μορφή: Βιβλίο
Γλώσσα:Greek
English
Δημοσίευση: Αθήνα : Άγρα, 1989
Θέματα:
Ετικέτες: Προσθήκη ετικέτας
Δεν υπάρχουν, Καταχωρήστε ετικέτα πρώτοι!

MARC

LEADER 00000cam a2200000 i 4500
001 1/19889
008 120524s1989 gre d
035 |l 10112593 
040 |a GR-MY-UA  |b gre  |e aacr 
041 1 |a gre  |h eng 
082 0 |a 813  |2 (22) 
100 1 |a Hawthorne, Nathaniel  |d 1804-1864. 
245 1 3 |a Οι προφητικές εικόνες και άλλα διηγήματα /  |c Nathaniel Hawthorne ; μετάφραση: Παλμύρα Ισμυρίδου 
260 |a Αθήνα :   |b Άγρα,   |c 1989 
300 |a 292 σ.;  |c 18 εκ. 
500 |a Με κείμενα των: E.A. Poe, Henry James & J.L. Borges 
650 0 0 |a English fiction  |y 19th century. 
852 |a INST  |b SYROS  |e 20120524  |h 813 HAW  |p 005500010125  |q 005500010125  |t BK  |y 0 
901 |a BIBL5-2012-1 
909 |a Ε  |b 170005 
970 |a ΤΣΟΥΚΑΛΑ  |b ΑΛΙΚΗ  |z 2012/05/24